000 01404cam a2200349 a 4500
001 2042
005 20231103114935.0
020 _a9780020419105
040 _aDLC
_cDLC
_dDLC
050 0 0 _aHD9710.U54
082 0 0 _a338.7/6292/0924
100 1 _aAird, Hazel B.
245 1 0 _aHenry Ford, young man with ideas /
_cby Hazel B. Aird and Catherine Ruddiman illustrated by Wallace Wood
250 _a1st Aladdin Books ed.
260 _aNew York :
_bAladdin Books,
_c1986
300 _a192 pages :
_c19 cm
490 _3Childhood of Famous Americans
500 _aReprint of the ed.: Indianapolis : Bobbs-Merrill, 1984, c1960. (Childhood of famous Americans series)
500 _aPublished 1960 under title: Henry Ford, boy with ideas.
505 _aP
520 _aThe early life of the American automotive industrialist who founded the Ford Motor Company and pioneered in assembly-line methods of mass production.
521 _a650
_bLexile
521 _aP
_bRaz-Plus
650 0 _aAutomobile industry and trade
_zUnited States
_xHistory
_vJuvenile literature.
650 0 _aIndustrialists
_zUnited States
_vBiography
_vJuvenile literature.
650 1 _aBusinesspeople.
650 1 _aAutomobile industry and trade
_vBiography.
700 1 _aRuddiman, Catherine
_eCoauthor
700 1 _aWood, Wallace,
_eillustrator
906 _a7
_bcbc
_corignew
_d1
_eocip
_f19
_gy-gencatlg
942 _2ddc
_cBK
_n0
999 _c2042
_d2042